Концепт "семья" в дискурсе социальной рекламы (на материале русского и китайского языков); Коммуникативные аспекты языка и культуры; Ч. 2

Bibliografiske detaljer
Parent link:Коммуникативные аспекты языка и культуры: сборник материалов XIV Международной научно-практической конференции студентов и молодых ученых, г. Томск, 21-23 мая 2014 г./ Национальный исследовательский Томский политехнический университет (ТПУ), Институт международного образования и языковой коммуникации (ИМОЯК) ; под ред. С. А. Песоцкой.— , 2014
Ч. 2.— 2014.— [С. 169-172]
Hovedforfatter: Забабурина И. В.
Institution som forfatter: Национальный исследовательский Томский политехнический университет (ТПУ) Институт международного образования и языковой коммуникации (ИМОЯК) Кафедра русского языка и литературы (РЯЛ)
Andre forfattere: Эмер Ю. А. Юлия Антоновна (научный руководитель)
Summary:Заглавие с титульного экрана
Sprog:russisk
Udgivet: 2014
Serier:Функциональные аспекты когнитивных и лингвокультурологических исследований
Fag:
Online adgang:http://earchive.tpu.ru/handle/11683/21575
http://www.lib.tpu.ru/fulltext/c/2014/C77/V2/036.pdf
Format: MixedMaterials Electronisk Book Chapter
KOHA link:https://koha.lib.tpu.ru/cgi-bin/koha/opac-detail.pl?biblionumber=609899

MARC

LEADER 00000naa2a2200000 4500
001 609899
005 20260327132414.0
035 |a (RuTPU)RU\TPU\conf\7433 
035 |a RU\TPU\conf\7432 
090 |a 609899 
100 |a 20141212d2014 k y0rusy50 ca 
101 0 |a rus 
102 |a RU 
135 |a drcn ---uucaa 
181 0 |a i  
182 0 |a b 
200 1 |a Концепт "семья" в дискурсе социальной рекламы (на материале русского и китайского языков)  |f И. В. Забабурина  |g науч. рук. Ю. А. Эмер 
203 |a Текст  |c электронный 
225 1 |a Функциональные аспекты когнитивных и лингвокультурологических исследований 
300 |a Заглавие с титульного экрана 
320 |a [Библиогр.: с. 171-172 (9 назв.)] 
337 |a Adobe Reader 
461 1 |0 (RuTPU)RU\TPU\conf\7313  |t Коммуникативные аспекты языка и культуры  |o сборник материалов XIV Международной научно-практической конференции студентов и молодых ученых, г. Томск, 21-23 мая 2014 г.  |o в 3 ч.  |f Национальный исследовательский Томский политехнический университет (ТПУ), Институт международного образования и языковой коммуникации (ИМОЯК) ; под ред. С. А. Песоцкой  |d 2014 
463 0 |0 (RuTPU)RU\TPU\conf\7319  |t Ч. 2  |v [С. 169-172]  |d 2014 
610 1 |a труды учёных ТПУ 
610 1 |a электронный ресурс 
610 1 |a концепт "семья" 
610 1 |a дискурс 
610 1 |a социальная реклама 
610 1 |a русский язык 
610 1 |a китайский язык 
700 1 |a Забабурина  |b И. В. 
702 1 |a Эмер  |b Ю. А.  |c филолог  |c доцент Томского политехнического университета  |f 1971-  |g Юлия Антоновна  |4 727 
712 0 2 |a Национальный исследовательский Томский политехнический университет (ТПУ)  |b Институт международного образования и языковой коммуникации (ИМОЯК)  |b Кафедра русского языка и литературы (РЯЛ)  |3 (RuTPU)RU\TPU\col\18974 
801 2 |a RU  |b 63413507  |c 20210917  |g RCR 
856 4 |u http://earchive.tpu.ru/handle/11683/21575 
856 4 |u http://www.lib.tpu.ru/fulltext/c/2014/C77/V2/036.pdf 
942 |c BK